• 首页
  • 本馆介绍
  • 公告通知
  • 最新文献
  • 馆藏检索
  • 电子资源
  • 读者导购
  • 参考咨询
  • 我的图书馆
  • 登录
  • 详细信息显示
  • 放入我的书架
  • 预约/预借图书
  • 作者相关作品
  • 分类相关作品
  • 丛书相关作品
  • 出版社相关作品

书目信息

  • 表格格式
  • 工作单格式
  • 卡片格式
题名:
老年心理学
    
 
作者: 井上胜也 , 长屿纪一 编 ;江丽临 译
分册:  
出版信息: 上海   上海翻译出版社  1986
页数: 294页
开本: 19cm
丛书名:
单 册:
中图分类: B844.4 , B844
科图分类:
主题词: 老年心理学
电子资源:
ISBN:
000 00765nam0 2200265 45
001 1542778681
005 20150128104459.53
010    @dCNY1.70
091    @aCN@b2311.1
100    @a19900802d1986 emky0chiy0121 ea
101 1  @achi@cjpn
102    @aCN@b310000
105    @ay z 000yy
200 10 @a老年心理学@Alao nian xin li xue@f(日)井上胜也, (日)长屿纪一编@g江丽临等译
210    @a上海@c上海翻译出版社@d1986
215    @a294页@d19cm
300    @a根据日本朝仓矿造株式会社1980年日文版译出
606    @a老年心理学
690    @aB844.4@v3
690    @aB844@v4
701  0 @a井上胜也@Ajing shang sheng ye@4编
701  0 @a长屿纪一@Achang yu ji yi@4编
702  0 @a江丽临@Ajiang li lin@4译
801  0 @aCN@bTSSF@c20150128
905    @aZUCC@dB844@eJY567
    
    老年心理学/(日)井上胜也, (日)长屿纪一编/江丽临等译.-上海:上海翻译出版社,1986
    294页;19cm
    根据日本朝仓矿造株式会社1980年日文版译出
    
    ISBN :CNY1.70
    
●
相关链接 在E读中查询图书 在五车中查询图书 在当当中查询图书 在豆瓣中查询图书


正题名:老年心理学     索取号:B844/JY567         预约/预借

序号 登录号 条形码 馆藏地/架位号 状态 备注
1 7845850   278458508   学院路分馆/ [索取号:B844/JY567] 在馆    
2 7845851   278458517   学院路分馆/ [索取号:B844/JY567] 在馆    
唐山师范学院图书馆 欢迎您!
大连网信软件有限公司© 版权所有